Law technology

Bibliographic Details
Format: Unknown
Language:English
Published: Washington, D.C. : World Association of Lawyers
Subjects:
Online Access:Acceso restringido

MARC

LEADER 00000ny a22000003n 4500
005 2011051207117.0
008 c us p s # eng#d
022 |a 0278-3916 
035 |a 4036 
040 |a DJ.   |b spa.   |d vLex 
090 |c 1799  |d 1799 
245 0 0 |a Law technology  |h [Recurso electrn̤ico] 
256 |a Servicio en ln̕ea. 
260 |a Washington, D.C. :  |b World Association of Lawyers 
310 |a Cuatrimestral 
506 1 |a Contenido solo disponible en los productos indicados  |d vLex Global  |d vLex Global (Academic Edition, excluding Law Schools)  |d vLex Global (U.S. Academic Edition, excluding Law Schools) 
650 0 4 |a Tecnologa̕ de la informacin̤  |x Derecho  |x Publicaciones perid̤icas 
740 0 |a vLex Revista (Servicios en ln̕ea) 
843 |a Electrn̤ica. Abierta 
853 |8 1  |i (year)  |j (month)  |k (day) 
856 4 0 |u http://vlex.com/source/4036  |z Acceso restringido 
942 |c REV 
999 4 |a Information Technology- 
999 4 |a Information Technology- 
999 4 |a Law-